| 000 | 00329 a2200145 4500 | ||
|---|---|---|---|
| 001 | 92062 | ||
| 082 | _a891.4393 NIG | ||
| 090 |
_c44022 _d44021 |
||
| 100 | _aNighat Seema | ||
| 245 | _aMuhabbat tum ne kab ki | ||
| 250 | _a1 | ||
| 260 |
_aLahore _bAbdullah Academy _c2011 |
||
| 300 |
_a360p. _bHb |
||
| 500 | _aGeneral Book | ||
| 942 |
_aCAE NUST _k891.4393 NIG |
||
| 999 |
_c327135 _d327135 |
||